The state of food and agriculture 2002 (Record no. 18430)

000 -LEADER
fixed length control field 01576cam a2200229Ia 4500
020 ## - INTERNATIONAL STANDARD BOOK NUMBER
ISBN 9251047626
040 ## - CATALOGING SOURCE
Transcribing agency VZD
082 ## - DEWEY DECIMAL CLASSIFICATION NUMBER
Classification number 338 FAO 2002 C145 Or.
245 04 - TITLE STATEMENT
Title The state of food and agriculture 2002
246 1# - VARYING FORM OF TITLE
Title proper/short title Agriculture and global public goods ten years after the Earth Summit
260 ## - PUBLICATION, DISTRIBUTION, ETC. (IMPRINT)
Place of publication Rome :
Name of publisher FAO,
Year of publication 2002
300 ## - PHYSICAL DESCRIPTION
Number of Pages xxi, 227 p. :
Other physical details col. ill. ;
Dimensions 24 cm. +
Accompanying material 1 computer optical disc (4 3/4 in.)
500 ## - GENERAL NOTE
General note "Included in this issue is the SOFA 2002 CD-ROM, containing time series data for 150 countries, country groups and regions in English, French and Spanish, together with FAOSTAT TS software to ensure easy access and use"--P. [4] of cover
520 ## - SUMMARY, ETC.
Summary, etc Reports on current developments and issues in world agriculture. Monitors the global agricultural situation as well as the overall economic environment surrounding world agriculture. Presents and overview of the status of negotiations on agricultural trade following the launching of the World Trade Organization's new round of multilateral trade negotiations. Discusses how public goods such as agriculture, fisheries and forestry properly managed can provided benefits to large sections of people. Calls for increased international inflow of funds towards agriculture and rural areas, in order to promote globally the provision of these public goods
650 #0 - SUBJECT ADDED ENTRY--TOPICAL TERM
Topical Term Agriculture
650 #0 - SUBJECT ADDED ENTRY--TOPICAL TERM
Topical Term Food production
650 #0 - SUBJECT ADDED ENTRY--TOPICAL TERM
Topical Term Produce trade
650 #0 - SUBJECT ADDED ENTRY--TOPICAL TERM
Topical Term Public goods
650 #0 - SUBJECT ADDED ENTRY--TOPICAL TERM
Topical Term Carbon sequestration
710 2# - ADDED ENTRY--CORPORATE NAME
Corporate name or jurisdiction name as entry element Food and Agriculture Organization of the United Nations
942 ## - ADDED ENTRY ELEMENTS (KOHA)
Koha item type ADB
952 ## - LOCATION AND ITEM INFORMATION (KOHA)
Withdrawn status [LOCAL, KOHA] 0
Holdings
Source of acquisition Permanent Location Date acquired Koha item type Lost status Shelving location Current Location Full call number
A36321Library Block C2019-11-29សៀវភៅភាសាអង់គ្លេស C145Library Block C338 FAO 2002 C145 Or.
មជ្ឈមណ្ឌលឯការនៃសាកលវិទ្យាល័យភូមិន្ទកសិកម្មចំការដូង

Powered by Koha